000 00620nam a2200229 i 4500
001 C2-0308944
003 PPAK
005 20180728095855.0
008 110519s1998 my |||| ||||| | may d
040 _aPPAK
_beng
_cPPAK
_erda
082 0 4 _a899.233
_223
090 0 0 _a899.233
_bAZR
_dK
100 0 _aAzreen Kamaria,
_eauthor
245 1 0 _aLexi - Tamu seska
264 1 _aSelangor :
_bKYS Publishing Sdn. Bhd. ,
_c1998
300 _a101 pages ;
_c18 cm
336 _2rdacontent
_atext
337 _2rdamedia
_aunmediated
338 _2rdacarrier
_avolume
650 1 0 _aChildren's stories, Malay.
942 _ddc
_cB
999 _c111509
_d111509